De miradas y mensajes a la educación en Derechos Humanos.

Saved in:
Bibliografiske detaljer
Andre forfattere: Magendzo, Abraham (Editor)
Format: Bog
Udgivet: Santiago, Chile: Lom Ediciones; Cátedra UNESCO, 2004.
Udgivelse:1a. ed
Serier:Enfoques Pedagógicos
Fag:
Tags: Tilføj Tag
Ingen Tags, Vær først til at tagge denne postø!

MARC

LEADER 00000cam a2200000 a 4500
001 UCE1473
003 CL-VaPUC
005 20220706125514.0
008 220706t2004 ||||| |||| 00| 0 eng d
999 |c 355252  |d 355250 
020 |a 956-282-668-6 
040 |c Pontificia Universidad Católica de Valparaíso 
082 0 4 |a 323.4 MAG 2004  |2 21 
100 |a Magendzo, Abraham  |e editor  |9 616737 
245 1 0 |a De miradas y mensajes a la educación en Derechos Humanos. 
250 |a 1a. ed 
260 |a Santiago, Chile:  |b Lom Ediciones;  |b Cátedra UNESCO,  |c 2004. 
300 |a 297 páginas. 
490 |a Enfoques Pedagógicos 
583 |a last modification  |c 20170824 03:11:44  |k Rodrigo Vera 
650 0 |a Derechos humanos  |9 223025 
650 0 |a Educación cívica  |9 314665 
650 0 |a Estado y educación   |9 311264 
942 |c BK  |2 ddc 
945 |d 20140414  |a dcastane 
952 |0 0  |1 0  |3 erb  |4 0  |6 323_400000000000000_MAG_2004  |7 0  |8 A  |9 461826  |a BIBGIM  |b BIBGIM  |i 5068215  |l 5  |m 1  |o 323.4 MAG 2004  |p 5068215  |r 2025-01-15  |s 2023-04-26  |w 2019-11-23  |y BK  |z Catalogado en:20140414  |k SSL 
952 |0 0  |1 0  |3 erb  |4 0  |6 323_400000000000000_MAG_2004  |7 0  |8 A  |9 461827  |a BIBGIM  |b BIBGIM  |i 5068223  |o 323.4 MAG 2004  |p 5068223  |r 2025-01-15  |w 2019-11-23  |y BK  |z Catalogado en:20140414  |k SSL 
952 |0 0  |1 0  |3 erb  |4 0  |6 323_400000000000000_MAG_2004  |7 0  |8 A  |9 461828  |a BIBGIM  |b BIBGIM  |i 5068231  |o 323.4 MAG 2004  |p 5068231  |r 2025-01-15  |w 2019-11-23  |y BK  |z Catalogado en:20140414  |k SSL 
952 |0 0  |1 0  |3 erb  |4 0  |6 323_400000000000000_MAG_2004  |7 0  |8 A  |9 461829  |a BIBGIM  |b BIBGIM  |i 506824K  |o 323.4 MAG 2004  |p 506824K  |r 2025-01-15  |w 2019-11-23  |y BK  |z Catalogado en:20140414  |k SSL 
952 |0 0  |1 0  |3 erb  |4 0  |6 323_400000000000000_MAG_2004  |7 0  |8 A  |9 461830  |a BIBGIM  |b BIBGIM  |i 5068258  |o 323.4 MAG 2004  |p 5068258  |r 2025-01-15  |w 2019-11-23  |y BK  |z Catalogado en:20140414  |k SSL 
952 |0 0  |1 0  |2 ddc  |4 0  |6 323_400000000000000_MAG_2004  |7 0  |8 A  |9 584426  |a BIBTEO  |b BIBTEO  |c GEN  |d 2022-07-06  |e 62  |g 12749.66  |i 5652564  |l 1  |o 323.4 MAG 2004  |p 5652564  |r 2025-01-17  |s 2022-10-05  |t 6  |v 12749.66  |w 2022-07-06  |y BK  |k ICR